000 00601nam a2200217Ia 4500
008 101110s9999 xx 000 0 und d
041 _aMARATHI
082 _bJR6151
100 _aGaikwad R.D.,Bhosale R.H. & Other
245 _aPrachin Aani Madhyayugin Bharatacha Itihas -XI
260 _c2006
_bPhadake prakashan,Kolhapur
300 _a209
365 _b34
520 _aHistory
546 _aMARATHI
630 _aPrachin Aani Madhyayugin Bharatacha Itihas -XI
650 _aHistory
655 _aHistory
730 _aPrachin Aani Madhyayugin Bharatacha Itihas -XI
942 _cBOOK
999 _c796944
_d796941